000 00831nam a2200193 a 4500
008 120416s1969 ||||||||||||||||| || u
020 _a0198553447
050 _aQH 325 Cal
100 _aCalvin, Melvin
245 1 0 _aChemical evolution: molecular evolution towards the origin of living system on the earth and elsewhere
260 _aOxford
_bThe Clarendon press
_c1969
300 _avi, 278p. : ill
350 _a0.00
650 _aEVOLUTION (BIOLOGY)
650 _aMOLECULAR EVOLUTION
650 0 _aBIOLOGY
995 _aANNEX COLLECTION (Main Library)
_D0.00
_e717603
_FCBU-MAIN LIBRARY (Kitwe)
_H2
_I1.25
_jQH 325 Cal
_M1
_UAVAILABLE
_y014796
_ZAnnex Low-Usage Collection
995 _aANNEX COLLECTION (Main Library)
_D0.00
_e717602
_FCBU-MAIN LIBRARY (Kitwe)
_H1
_I1.25
_jQH 325 Cal
_M2
_UAVAILABLE
_y014797
_ZAnnex Low-Usage Collection
999 _c79293
_d79293